| 000 | 01847nam a2200469Ii 4500 | ||
|---|---|---|---|
| 001 | DIGNARCEA0153 | ||
| 003 | NyNyDIG | ||
| 006 | m o d | ||
| 007 | cr ||||||||||| | ||
| 008 | 220226s2014 sp a ob 000 0 spa d | ||
| 035 | _a(OCoLC)1027152415 | ||
| 040 |
_aDGITA _beng _erda _epn _cDGITA |
||
| 020 |
_a9788427718876 _qeBook _qePdf |
||
| 020 |
_z9788427715387 _qpapel |
||
| 050 | 1 | 4 | _aLB1139.4 ebook |
| 082 | 0 | 4 | _a372 |
| 100 | 1 |
_aGervilla Castillo, Ángeles, _eauthor. |
|
| 245 | 1 | 3 |
_aEl currículo de educación infantil : _baspectos básicos / _cÁngeles Gervilla Castillo. |
| 250 | _aPrimera edición en ebook (Pdf) | ||
| 264 | 1 |
_aMadrid : _bNarcea, S. A. de Ediciones, _c[2014] |
|
| 300 |
_a1 online resource : _billustrations. |
||
| 336 |
_atext _btxt _2rdacontent |
||
| 337 |
_acomputer _bc _2rdamedia |
||
| 338 |
_aonline resource _bcr _2rdacarrier |
||
| 347 |
_atext file _2rdaft |
||
| 347 | _bPDF | ||
| 490 | 1 | _aColección "Primeros años" | |
| 504 | _aIncludes bibliographical references. | ||
| 588 | 0 | _aOnline resource; title from PDF title page (Digitalia, viewed February 26, 2022) | |
| 650 | 0 |
_aEarly childhood education _xCurricula. |
|
| 650 | 0 |
_aEducation, Preschool _xParent participation. |
|
| 650 | 0 |
_aEducation, Primary _xParent participation. |
|
| 650 | 0 |
_aKindergarten _xParent participation. |
|
| 655 | 0 | _aElectronic books. | |
| 791 | 2 |
_aDigitalia (Firm), _edistributor. |
|
| 793 | 0 |
_gDigitalia eBook Collection: _aNarcea Ediciones |
|
| 776 | 0 | 8 |
_iPrint version: _aGervilla Castillo, Ángeles. _tCurrículo de educación infantil. _bPrimera edición. _dMadrid : Narcea, S. A. de Ediciones, [2006] _z9788427715387 |
| 830 | 0 | _aColección "Primeros años". | |
| 856 | 4 | 0 |
_3Digitalia Hispánica _uhttps://www.digitaliapublishing.com/a/28991/ |
| 910 | _aPremium collection: 2022 | ||
| 942 | _cRAA | ||
| 999 |
_c239513 _d239513 |
||